000 00431nam a2200145Ia 4500
008 220326s9999||||xx |||||||||||||| ||und||
020 _a979-518-882-8
084 _a10097 NDR Gov Bo.1
100 _aTaliziduhu Ndraha
245 0 _aKybernology (Ilmu Pemerintahan Baru) I
260 _aJakarta
_bRineka Cipta
_c2003
300 _axxxviii + 385 halaman
650 _aGovernment (Pemerintahan)
_eG-O-V
_yIlmu Pemerintahan
942 _cBK
999 _c12641
_d12641